<?xml version="1.0" encoding="UTF-8"?>
<record
    xmlns:xsi="http://www.w3.org/2001/XMLSchema-instance"
    xsi:schemaLocation="http://www.loc.gov/MARC21/slim http://www.loc.gov/standards/marcxml/schema/MARC21slim.xsd"
    xmlns="http://www.loc.gov/MARC21/slim">

  <leader>00826cam a22002291  4500</leader>
  <controlfield tag="001">ne 63002525 </controlfield>
  <controlfield tag="003">DLC</controlfield>
  <controlfield tag="005">20260227111753.0</controlfield>
  <controlfield tag="008">890607s1962    le            000 0 ara  </controlfield>
  <datafield tag="010" ind1=" " ind2=" ">
    <subfield code="a">ne 63002525 </subfield>
  </datafield>
  <datafield tag="025" ind1=" " ind2=" ">
    <subfield code="a">PL480:UAR-2091</subfield>
  </datafield>
  <datafield tag="035" ind1=" " ind2=" ">
    <subfield code="a">(OCoLC)19830394</subfield>
  </datafield>
  <datafield tag="040" ind1=" " ind2=" ">
    <subfield code="a">DLC</subfield>
    <subfield code="c">WaU</subfield>
    <subfield code="d">WaU</subfield>
    <subfield code="d">DLC</subfield>
  </datafield>
  <datafield tag="042" ind1=" " ind2=" ">
    <subfield code="a">premarc</subfield>
  </datafield>
  <datafield tag="050" ind1="0" ind2="0">
    <subfield code="a">B753.G33</subfield>
    <subfield code="b">T3 1962</subfield>
  </datafield>
  <datafield tag="100" ind1="1" ind2=" ">
    <subfield code="a">Ghazz&#x101;l&#x12B;,</subfield>
    <subfield code="d">1058-1111.</subfield>
  </datafield>
  <datafield tag="245" ind1="1" ind2="0">
    <subfield code="a">Tah&#x101;fut al-fal&#x101;sifah</subfield>
    <subfield code="c">[allafahu] Ab&#x16B; &#x1E24;&#x101;mid Mu&#x1E25;ammad al-Ghazz&#x101;l&#x12B;. &#x1E24;aqqaqahu wa-waqafa &#x2BB;al&#xE1; &#x1E6D;ab&#x2BB;ihi M&#x16B;r&#x12B;s Buw&#x12B;j f&#x12B; &#x1E6D;ab&#x2BB;ah &#x16B;l&#xE1; sanat 1927 wa-u&#x2BB;&#x12B;du &#x1E6D;ab&#x2BB;uhu ma&#x1E63;daran bi-dir&#x101;sah li-M&#x101;jid Fakhr&#x12B;.</subfield>
  </datafield>
  <datafield tag="250" ind1=" " ind2=" ">
    <subfield code="a">[al-&#x1E6C;ab&#x2BB;ah al-th&#x101;niyah]</subfield>
  </datafield>
  <datafield tag="260" ind1=" " ind2=" ">
    <subfield code="a">Bayr&#x16B;t,</subfield>
    <subfield code="b">al-Ma&#x1E6D;ba&#x2BB;ah al-K&#x101;th&#x16B;l&#x12B;k&#x12B;yah,</subfield>
    <subfield code="c">1962.</subfield>
  </datafield>
  <datafield tag="300" ind1=" " ind2=" ">
    <subfield code="a">256 p.</subfield>
    <subfield code="c">24 cm.</subfield>
  </datafield>
  <datafield tag="650" ind1=" " ind2="0">
    <subfield code="a">Islam and philosophy.</subfield>
  </datafield>
  <datafield tag="999" ind1=" " ind2=" ">
    <subfield code="c">46486</subfield>
    <subfield code="d">46486</subfield>
  </datafield>
</record>
